|
|
|
|
| LEADER |
00000nam0a2200000 4500 |
| 001 |
22995 |
| 005 |
20231101205525.0 |
| 010 |
|
|
|a 5020151483
|
| 035 |
|
|
|a (RuTPU)RU\TPU\book\23210
|
| 035 |
|
|
|a BOOK00000974
|
| 090 |
|
|
|a 22995
|
| 100 |
|
|
|a 20011209d1994 m y0rusy50 ca
|
| 101 |
0 |
|
|a rus
|
| 102 |
|
|
|a RU
|
| 105 |
|
|
|a y z 000zy
|
| 200 |
1 |
|
|a "Физический идеализм". История одной идеологической компании
|f А. С. Сонин
|
| 210 |
|
|
|a Москва
|c Физико-математическая лит-ра
|d 1994
|
| 215 |
|
|
|a 224 с.
|
| 606 |
1 |
|
|a Физика
|x Философские вопросы и методология
|2 stltpush
|3 (RuTPU)RU\TPU\subj\73116
|9 86317
|
| 610 |
1 |
|
|a философия
|
| 610 |
1 |
|
|a естественные науки
|
| 610 |
1 |
|
|a физический идеализм
|
| 610 |
1 |
|
|a Россия
|
| 610 |
1 |
|
|a история
|
| 610 |
1 |
|
|a 20 век
|
| 610 |
1 |
|
|a космополитизм
|
| 675 |
|
|
|a 53(09)
|v 3
|
| 686 |
|
|
|a Ю252:53
|v LBC/SL-A
|2 rubbk
|
| 700 |
|
1 |
|a Сонин
|b А. С.
|g Анатолий Степанович
|
| 801 |
|
0 |
|a RU
|b 63413507
|c 20011209
|g PSBO
|
| 801 |
|
2 |
|a RU
|b 63413507
|c 20140410
|g PSBO
|
| 942 |
|
|
|c BK
|